Constitutions and administrative law

محفوظ في:
التفاصيل البيبلوغرافية
المؤلف الرئيسي: Wade, E.C.S
مؤلفون آخرون: Bradley, A.W
التنسيق: كتاب
منشور في: London : Longman.; c 1993.
الطبعة:11th ed.
الموضوعات:
الوسوم: إضافة وسم
لا توجد وسوم, كن أول من يضع وسما على هذه التسجيلة!

MARC

LEADER 00000cam a2200000 a 4500
005 20260611085709.0
020 |a NA  |c TZS.20,000 /= 
040 |a MCCL  |b eng.  |e AACR2nd rev.ed. 
082 0 0 |a 342.678 WAD 
100 |a Wade, E.C.S. 
245 0 0 |a Constitutions and administrative law  |c / E.C.S.Wade and A.W. Bradley 
250 |a 11th ed. 
260 |a London :  |b Longman.;  |c c 1993. 
300 |a v,781 p. :  |c 27 cm. 
650 0 |a Constitutional law 
650 0 |a Rule of law 
650 0 |a Separation of powers 
700 1 |a Bradley, A.W. 
942 |c BK 
999 |c 12756  |d 12756